Top 100 Melhores da história da NBA (nível hard) - Statistics

Estatísticas Gerais
  • Esse quiz foi jogado 654 vezes
  • A pontuação média é 39 de 100
Estatísticas das Respostas
Hint Resposta % Correto
2 Lebron James
99%
1 Michael Jordan
99%
23 Stephen Curry
94%
12 Kobe Bryant
92%
9 Shaquille O'neal
89%
7 Larry Bird
87%
22 Kevin Durant
86%
3 Kareem Abdul Jabbar
82%
4 Magic Johnson
82%
8 Tim Duncan
82%
98 James Harden
78%
5 Wilt Chamberlain
77%
6 Bill Russell
76%
13 Jerry West
72%
25 Scottie Pippen
69%
87 Nikola Jokic
68%
29 Chris Paul
67%
27 Dwyane Wade
66%
49 Russell Westbrook
66%
21 Kevin Garnett
65%
45 Allen Iverson
64%
64 Dennis Rodman
63%
16 Karl Malone
63%
30 Steve Nash
63%
17 Dirk Nowitzki
61%
10 Hakeem Olajuwon
61%
50 Ray Allen
57%
75 Giannis Antetokounmpo
56%
15 Moses Malone
55%
58 Tony Parker
55%
59 Carmelo Anthony
54%
19 John Stockton
53%
18 Charles Barkley
52%
20 David Robinson
50%
46 Paul Pierce
50%
26 Isiah Thomas
49%
11 Oscar Robertson
48%
86 Chris Bosh
47%
14 Julius Erving
47%
82 David Thompson
46%
56 Pau Gasol
46%
84 Dennis Johnson
45%
61 Manu Ginobili
42%
32 Patrick Ewing
42%
35 Jason Kidd
41%
51 Reggie Miller
41%
96 Marc Gasol
40%
69 Vince Carter
39%
36 Clyde Drexler
37%
67 Dwight Howard
35%
39 Bob Cousy
32%
41 Garry Payton
32%
63 Tracy Mcgrady
32%
73 Dikembe Mutombo
30%
24 Elgin Baylor
30%
90 Yao Ming
30%
42 Bill Walton
27%
34 Bob Pettit
27%
28 John Havlicek
26%
44 Dominique Wilkins
25%
57 Robert Parish
25%
43 James Worthy
24%
31 Kevin Mchale
22%
52 Bob Mcadoo
21%
88 Chauncey Billups
21%
37 Rick Barry
21%
47 George Gervin
20%
33 George Mikan
20%
38 Walt Frazier
20%
53 Wes Unseld
20%
48 Willis Reed
19%
71 Pete Maravich
18%
78 Sam Jones
18%
65 Alonzo Mourning
17%
77 Joe Dumars
17%
97 Bobby Jones
16%
62 Alex English
15%
40 Elvin Hayes
15%
100 Shawn Kemp
15%
55 Dave Cowens
14%
83 Chris Mullin
13%
54 Bernard King
12%
80 Grant Hill
12%
79 Jerry Lucas
12%
66 Chris Webber
11%
74 Dolph Schayes
11%
93 Nate Thurmond
11%
91 Paul Arizin
11%
60 Earl Monroe
9%
76 Nate Archibald
9%
70 Artis Gilmore
8%
89 Billy Cunningham
8%
95 Mark Price
8%
68 Bob Lanier
7%
85 Dave Debusschere
7%
94 Lenny Wilkens
7%
72 Adrian Dantley
6%
81 Sidney Moncrief
6%
99 Gail Goodrich
5%
92 Maurice Cheeks
5%
Nenhum quiz correspondente encontrado
Distribuição das Pontuações
Porcentagem de Pessoas com Cada Pontuação
Percentil de Números Respondidos
Sua Pontuação Histórica
Você não jogou esse quiz